00693 2200265 4500001002100000005001500021035002000036245006500056100001400121250000600135300003500141700001200176260003600188082001200224084001800236020002200254650003200276990001700308990001700325990001700342990001700359990001700376990001700393990001700410INLIS00000000000027220180925112511 a0010-09180001261 aAyo Mengenal Indonesia Papua 1 /cWidyawati; Editor, Raharjo0 aWidyawati a- aiv, 60 hlm. :bilus. ;c21 cm.0 aRaharjo aJakarta :bCV Pamularsih,c2007 a911.598 a911.598 WID a a978-979-1494-39-7 aGeografi Historis Indonesia a01126/H/2018 a01127/H/2018 a02752/H/2018 a02752/H/2018 a01126/H/2018 a01127/H/2018 a04448/P/2018